| 000 | 00574nam a22001337a 4500 | ||
|---|---|---|---|
| 040 | _cRUA | ||
| 082 | _aAGR RY 2015 B556 Or.1 | ||
| 100 | _aRY PHOAN; រី ភ័ណ | ||
| 245 | _aEffect of different rice husk chamrcoal rates on lettuce in sandy loam soil condition; ឥទ្ធិពលកម្រិតធ្យូងអង្កាម ទៅលើដំណាំសាលាដក្នុងលក្ខខណ្ឌដីល្បាយខ្សាច់ | ||
| 260 |
_aPhnom Penh _bRUA _c2015 |
||
| 300 |
_ax; 40p; _bill; _c29cm; |
||
| 856 | _u RY PHOAN | ||
| 942 | _cAGR | ||
| 999 |
_c11595 _d11595 |
||